The elements of probability theory, and some of its applications / (Record no. 3025)
[ view plain ]
| 000 -LEADER | |
|---|---|
| fixed length control field | 01107nam a2200289 i 4500 |
| 003 - CONTROL NUMBER IDENTIFIER | |
| control field | EG-ScBUE |
| 005 - DATE AND TIME OF LATEST TRANSACTION | |
| control field | 20250525121950.0 |
| 008 - FIXED-LENGTH DATA ELEMENTS--GENERAL INFORMATION | |
| fixed length control field | 250507s1966 nyua f b 001 0 eng d |
| 040 ## - CATALOGING SOURCE | |
| Original cataloging agency | EG-ScBUE |
| Language of cataloging | eng |
| Description conventions | rda |
| Transcribing agency | EG-ScBUE |
| Modifying agency | EG-ScBUE |
| 082 04 - DEWEY DECIMAL CLASSIFICATION NUMBER | |
| Classification number | 533 |
| Item number | CRA |
| Edition number | 22 |
| 100 1# - MAIN ENTRY--PERSONAL NAME | |
| Personal name | Cramér, Harald, |
| Dates associated with a name | 1893-1985, |
| Relator term | author. |
| 245 14 - TITLE STATEMENT | |
| Title | The elements of probability theory, and some of its applications / |
| Remainder of title | by Harald Cramér, former professor in the University of Stockholm, former chancellor of the Swedish University. |
| 250 ## - EDITION STATEMENT | |
| Edition statement | Science editions. |
| 264 #1 - PUBLICATION, DISTRIBUTION, ETC. (IMPRINT) | |
| Place of publication, distribution, etc | New York : |
| Name of publisher, distributor, etc | John Wiley & Sons, INC., |
| Date of publication, distribution, etc | 1966. |
| 300 ## - PHYSICAL DESCRIPTION | |
| Extent | 281 pages : |
| Other physical details | illustrations, tables ; |
| Dimensions | 20 cm. |
| 336 ## - CONTENT TYPE | |
| Source | rdacontent |
| Content type term | text |
| Content type code | txt |
| 337 ## - MEDIA TYPE | |
| Media type term | unmediated |
| Source | rdamedia |
| Media type code | n |
| 338 ## - CARRIER TYPE | |
| Carrier type term | volume |
| Carrier type code | nc |
| Source | rdacarrier |
| 490 0# - SERIES STATEMENT | |
| Series statement | Wiley publications in mathematical statistics |
| 500 ## - GENERAL NOTE | |
| General note | Includes appendix.<br/> |
| 504 ## - BIBLIOGRAPHY, ETC. NOTE | |
| Bibliography, etc | Includes bibliographical references and index.<br/> |
| 650 #7 - SUBJECT ADDED ENTRY--TOPICAL TERM | |
| Topical term or geographic name as entry element | Elements Theory. |
| Source of heading or term | BUEsh |
| 650 7# - SUBJECT ADDED ENTRY--TOPICAL TERM | |
| Topical term or geographic name as entry element | Probabilities. |
| Source of heading or term | BUEsh |
| 655 ## - INDEX TERM--GENRE/FORM | |
| Form subdivision | Reading book |
| 942 ## - ADDED ENTRY ELEMENTS (KOHA) | |
| Koha item type | Book - Borrowing |
| Source of classification or shelving scheme | Dewey Decimal Classification |
| Withdrawn status | Lost status | Source of classification or shelving scheme | Damaged status | Not for loan | Collection code | Home library | Current library | Shelving location | Date acquired | Source of acquisition | Total Checkouts | Full call number | Barcode | Date last seen | Price effective from | Koha item type |
|---|---|---|---|---|---|---|---|---|---|---|---|---|---|---|---|---|
| Dewey Decimal Classification | Baccah | Central Library | Central Library | First floor | 07/03/2015 | Donation | 533 CRA | 000001096 | 15/07/2025 | 15/03/2007 | Book - Borrowing |